Piliere dôchodkového systému na Slovensku a investovanie v dôchodkových fondoch s využitím aktuálnych dát
Dôchodkový systém je v každej krajine mierne odlišný. Odlišuje sa okrem iného menšou či väčšou účasťou zo strany štátu prípadne súkromných spoločností pri organizovaní systému sociálneho poistenia a starobného dôchodkového sporenia. Podmienky, v ktorých takéto systémy v jednotlivých krajinách funguj...
Salvato in:
| Autore principale: | |
|---|---|
| Natura: | Capitolo di libro |
| Lingua: | slovacco |
| Soggetti: | |
| Tags: |
Nessun Tag, puoi essere il primo ad aggiungerne!!
|
MARC
| LEADER | 00000naa a2200000 4500 | ||
|---|---|---|---|
| 001 | 0150686 | ||
| 005 | 20231128131214.3 | ||
| 041 | 0 | |a slo | |
| 044 | |a CZ | ||
| 245 | 1 | 0 | |a Piliere dôchodkového systému na Slovensku a investovanie v dôchodkových fondoch s využitím aktuálnych dát |c Ľudmila Pavlíková |
| 520 | |a Dôchodkový systém je v každej krajine mierne odlišný. Odlišuje sa okrem iného menšou či väčšou účasťou zo strany štátu prípadne súkromných spoločností pri organizovaní systému sociálneho poistenia a starobného dôchodkového sporenia. Podmienky, v ktorých takéto systémy v jednotlivých krajinách fungujú, sú rôzne, avšak nájde sa aj množstvo spoločného. Preto pri skúmaní takéhoto systému v nejakej krajine a nájdení jeho nedostatkov to môže viesť k aspoň čiastočnému poučeniu sa v inej krajine. Vybrané problémy súčasných dôchodkových systémov, ktoré vznikajú počas fungovania nových, zreformovaných dôchodkových systémov, najmä s dôrazom na dôchodkové fondy. | ||
| 610 | 2 | 0 | |a fond poistenia dôchodkového |
| 610 | 2 | 0 | |a reformy dôchodkové |
| 610 | 2 | 0 | |a Slovensko |
| 610 | 2 | 0 | |a poistenie sociálne |
| 610 | 2 | 0 | |a poistenie starobné |
| 610 | 2 | 0 | |a sporenie dôchodkové |
| 100 | 1 | |a Pavlíková, Ľudmila | |